000 00767nam0a22002531 4500
001 rc\91828
005 20250620175730.0
010 _a5-1777-0007-1
_910000
035 _a(NLR Aleph) 005357828
090 _a6866006
_c6866006
100 _a20021216d1997 |||y0rusy50 ca
101 0 _arus
102 _aRU
105 _ay |||||||||
200 1 _aФинансы
_eОксфорд. толковый слов.
_eАнгло-русский
_f[Б. Батлер и др.]
210 _aМ.
_cВесь мир
_d1997
215 _a492, [1] с.
_d21
320 _aУказ. рус. терминов: с. 456-493
701 1 _aБатлер
_bБ.
_gБрайен
801 0 _aRU
_bNLR
_gpsbo
801 1 _aRU
_bELAR
_2rusmarc
852 _aNLR
_bС
_jК-2/7215
942 _cBOOK
980 _aNB